NDU-K Library Catalogue

Girl in a jacket 

East African crops: (Record no. 15073)

MARC details
000 -LEADER
fixed length control field 00996cam a2200301 4500
001 - CONTROL NUMBER
control field 782902
003 - CONTROL NUMBER IDENTIFIER
control field OSt
005 - DATE AND TIME OF LATEST TRANSACTION
control field 20240319131255.0
008 - FIXED-LENGTH DATA ELEMENTS--GENERAL INFORMATION
fixed length control field 730724s1971 enka b 001 0 eng
010 ## - LIBRARY OF CONGRESS CONTROL NUMBER
LC control number 73158075
015 ## - NATIONAL BIBLIOGRAPHY NUMBER
National bibliography number B72-16789
020 ## - INTERNATIONAL STANDARD BOOK NUMBER
International Standard Book Number 0582603013
040 ## - CATALOGING SOURCE
Original cataloging agency DLC
Transcribing agency DLC
Modifying agency DLC
043 ## - GEOGRAPHIC AREA CODE
Geographic area code fe-----
050 00 - LIBRARY OF CONGRESS CALL NUMBER
Classification number SB111
Item number .A42 1971
082 00 - DEWEY DECIMAL CLASSIFICATION NUMBER
Classification number 631.5/0967
100 1# - MAIN ENTRY--PERSONAL NAME
Personal name Acland, J. D.
Fuller form of name (Julien Dyke)
245 10 - TITLE STATEMENT
Title East African crops:
Remainder of title an introduction to the production of field and plantation crops in Kenya, Tanzania and Uganda /
Statement of responsibility, etc. J. D. Acland.
260 ## - PUBLICATION, DISTRIBUTION, ETC.
Place of publication, distribution, etc. [London],
Name of publisher, distributor, etc. Longman [for the] Food and Agriculture Organization,
Date of publication, distribution, etc. 1971.
300 ## - PHYSICAL DESCRIPTION
Extent 252 p.
Other physical details ill.
Dimensions 22 cm.
350 ## - PRICE (NR) (BK AM CF MU VM SE) [OBSOLETE]
Price £1.25
504 ## - BIBLIOGRAPHY, ETC. NOTE
Bibliography, etc. note Includes bibliographies.
650 #0 - SUBJECT ADDED ENTRY--TOPICAL TERM
Topical term or geographic name entry element Tropical crops
Geographic subdivision Africa, East.
650 #0 - SUBJECT ADDED ENTRY--TOPICAL TERM
Topical term or geographic name entry element Field crops
Geographic subdivision Africa, East.
710 2# - ADDED ENTRY--CORPORATE NAME
Corporate name or jurisdiction name as entry element Food and Agriculture Organization of the United Nations.
906 ## - LOCAL DATA ELEMENT F, LDF (RLIN)
a 7
b cbc
c orignew
d 4
e ncip
f 19
g y-gencatlg
942 ## - ADDED ENTRY ELEMENTS (KOHA)
Source of classification or shelving scheme Library of Congress Classification
Koha item type Normal Collection
Suppress in OPAC No
Holdings
Withdrawn status Lost status Source of classification or shelving scheme Damaged status Not for loan Home library Current library Date acquired Total Checkouts Full call number Barcode Date last seen Price effective from Koha item type
    Library of Congress Classification     Kenya Military Academy Kenya Military Academy 19/03/2024   SB111 .A42 1971 KMA002651 19/03/2024 19/03/2024 Normal Collection
Copyright © 2026 [National Defence University - Kenya]. All rights reserved.